| 000 | 00715nam a2200229 a 4500 | ||
|---|---|---|---|
| 999 |
_c6965 _d6965 |
||
| 001 | 583 | ||
| 003 | BD-DhUAP | ||
| 005 | 20210118142959.0 | ||
| 008 | 200119s1995 ii a 001 0 eng d | ||
| 020 | _a0074518593 | ||
| 040 |
_aBD-DhUAP _cBD-DhUAP _dBD-DhUAP _bEng |
||
| 082 | 0 | 0 |
_a005.26 KUM _223 |
| 100 | _aKumar, Ram. | ||
| 245 |
_aProgramming with Fortran 77 / _cRam Kumar. |
||
| 260 |
_aNew Delhi : _bMcGraw-Hill, _cc1986 [Reprinted 1995]. |
||
| 300 |
_axiv, 386 pages : _billustrations ; _c25 cm. |
||
| 504 | _aIncludes bibliographical references and indexes. | ||
| 650 | _aAssembly languages (Electronic computers). | ||
| 942 |
_2ddc _cBK |
||